000 00542nam a2200157 i 4500
001 55426
003 ES-MaACL
007 t|
008 030919s1949 mx ||||1| spa d
245 0 4 _aLos derechos del hombre
_b: estudios y comentarios en torno a la nueva declaración universal /
_cpor P. Auger ... [et al.].
250 _a[1ª ed. en español].
260 _aMéxico :
_bFondo de Cultura Económica,
_c[1949] (
_fGráf. Panamericana)
300 _a253 p. ;
_c22 cm.
700 1 _aAuger, P.
_923884
852 _aES-MaACL
_jP-5851
_bR.30910
999 _c55426
_d55426